00873 a2200193 45000010006000000050017000060080041000230030015000640400040000790800162001192450030002810200018003112640032003293000019003615050170003800410008005501000026005588560095005843760020260407155643.0260407a1994 arg spa dAR-UNSa-BCEJYS aAR-UNSa-BCEJYSbspacAR-UNSa-BCEJYS a51-7xEstudios y métodos matemáticos en otros campos del conocimiento. Matemáticas científicas. Matemáticas actuariales (Matemáticas Financieras)10aMatemáticas financieras a970-15-0818-1 1aMéxico :bAlfaomegac1994 a201 p.c22 cm. a1. Logaritmos - 2. Progresiones - 3. Depreciación - 4. Interés simple y descuento simple - 5. Interés compuesto - 6. Anualidades - 7. Amortización - 8. Bonos aspa1 aRivera Salcedo, Jorge41uhttps://biblioeco.unsa.edu.ar/pmb/images/libros/L125680.jpgyImagen de portadaqimage/jpeg